000 00309nam a2200133Ia 4500
008 100328s9999 xx 000 0 und d
082 _b16140
100 _aWillims Charles
245 _aShakespeare
260 _bOxford, Clarendon Press
630 _aShakespeare
730 _aShakespeare
942 _cBOOK
999 _c510861
_d510858